Berkeley review of education

Berkeley Review of Education engages issues of educational diversity and equity within cognitive, developmental, sociohistorical, linguistic, and cultural contexts.

Detalles Bibliográficos
Autores Corporativos: University of California, Berkeley. School of Education, California Digital Library
Formato: Electrónico Revista
Lenguaje:inglés
Publicado: Berkeley, Calif. : Graduate School of Education at the University of California, Berkeley, 2010-
Materias:
Acceso en línea:Full text available from Research Library: 01/01/2017 to present

MARC

LEADER 00000nas a2200000 a 4500
001 ssj0000605354
003 WaSeSS
005 20200512172242.0
006 m d
007 cr n
008 090310c20109999caufr p s s0 a0eng c
010 |a  2009202342 
022 |a 1947-5578 
035 |a (WaSeSS)ssj0000605354 
037 |b California Digital Library, 3614-A Tolman Hall, Berkeley, CA 94720 
040 |a NSD  |b eng  |c NSD  |d CUV  |d CUS  |d DLC  |d OCLCQ  |d OCLCF  |d DLC  |d OCLCQ  |d AU@  |d VT2  |d OCL  |d WaSeSS 
042 |a pcc  |a nsdp 
050 1 4 |a L11 
050 0 0 |a LC213 
082 1 0 |a 371  |2 14 
222 0 |a Berkeley review of education 
245 0 0 |a Berkeley review of education  |h [electronic resource]. 
246 1 3 |a BRE 
260 |a Berkeley, Calif. :  |b Graduate School of Education at the University of California, Berkeley,  |c 2010- 
310 |a Twice a year 
362 1 |a Began with v. 1, Issue 1, 2010. 
500 |a "[A]n open access journal hosted by the eScholarship initiative of the California Digital Library." 
506 |a License restrictions may limit access. 
520 |a Berkeley Review of Education engages issues of educational diversity and equity within cognitive, developmental, sociohistorical, linguistic, and cultural contexts. 
588 |a Description based on: V. 1, Issue 1, 2010; title from banner (escholarship.org website, viewed July 6, 2010). 
588 |a Latest issue consulted: Vol. 4, issue 2 (2013) (viewed June 27, 2014). 
650 0 |a Educational equalization  |v Periodicals. 
650 0 |a Minorities  |x Education  |v Periodicals. 
650 7 |a Educational equalization.  |2 fast  |0 (OCoLC)fst00903418 
650 7 |a Minorities  |x Education.  |2 fast  |0 (OCoLC)fst01023119 
655 0 |a Electronic journals. 
710 2 |a University of California, Berkeley.  |b School of Education. 
710 2 |a California Digital Library. 
850 |a DLC 
856 4 0 |z Full text available from Research Library: 01/01/2017 to present  |u https://search.proquest.com/publication/4397039